Změny v postavení odvětví pojišťovnictví jako důsledek finanční a ekonomické krize a následných regulačních schémat

Dôsledky finančnej krízy na finančnom trhu predovšetkým v poisťovníctve. Účinnosť zavedenia regulačných opatrení Solvency II. Možné následky zintenzívnenia regulácie a efektívnosť poisťovníctva.

Gespeichert in:
Bibliographische Detailangaben
1. Verfasser: Daňhel, Jaroslav
Weitere Verfasser: Ducháčková, Eva
Format: Buchkapitel
Sprache:Tschechisch
Schlagworte:
Tags: Tag hinzufügen
Keine Tags, Fügen Sie das erste Tag hinzu!

MARC

LEADER 00000naa a2200000 4500
001 0147765
005 20220720113214.0
041 0 |a cze 
044 |a CZ 
245 1 0 |a Změny v postavení odvětví pojišťovnictví jako důsledek finanční a ekonomické krize a následných regulačních schémat  |c Jaroslav Daňhel, Eva Ducháčková 
520 |a Dôsledky finančnej krízy na finančnom trhu predovšetkým v poisťovníctve. Účinnosť zavedenia regulačných opatrení Solvency II. Možné následky zintenzívnenia regulácie a efektívnosť poisťovníctva. 
610 2 0 |a Česko 
610 2 0 |a poisťovníctvo 
610 2 0 |a poisťovne 
610 2 0 |a poisťovne komerčné 
610 2 0 |a regulácia 
610 2 0 |a smernice 
610 2 0 |a dohľad nad finančným trhom 
100 1 |a Daňhel, Jaroslav 
700 1 |a Ducháčková, Eva